| LEADER |
00949nam0a2200217 450 |
| 001 |
16867577 |
| 010 |
|
|
|a 978-2-35504-761-9
|b cart.
|d 9
|
| 100 |
|
|
|a 20240213d2024 u u0frey01 ba
|
| 101 |
0 |
|
|a fre
|
| 102 |
|
|
|a FR
|
| 200 |
0 |
|
|a Ils étaient cinq dans le nid
|f Christine Beigel
|g illustrations Julia Chausson
|
| 207 |
|
1 |
|a
|
| 210 |
|
|
|a Paris
|c Rue du Monde
|d 2024
|
| 215 |
|
|
|a 1 vol. (20 p.)
|c illustrations en couleur
|d 15 cm
|
| 300 |
|
|
|a Petite enfance
|
| 330 |
|
|
|a Une version revisitée de cette comptine dans laquelle un petit oisillon veut être le roi de son nid et décide de pousser les quatre autres. Lorsqu'il se retrouve seul, il réalise qu'il n'a plus personne avec qui jouer et s'amuser. Electre 2024
|
| 700 |
|
0 |
|a Chausson
|b Julia
|4 440
|
| 701 |
|
0 |
|a Beigel
|b Christine
|f 1972-....
|4 245
|
| 900 |
|
|
|a Album
|
| 901 |
|
|
|a Jeunesse
|
| 995 |
|
|
|a Médiathèque
|c Médiathèque
|f 00156010432037
|h 00156010432037
|k A CHA BB
|o p
|q j
|r az
|e Médiathèque
|